| 000 | 00860nam a22002897a 4500 | ||
|---|---|---|---|
| 001 | 7597 | ||
| 003 | FISKH | ||
| 005 | 20250725110917.0 | ||
| 008 | 250725b cb ||||| |||| 00| 0 eng d | ||
| 020 | _a9780152048358 | ||
| 040 |
_aFISKH _beng _cFISKH _dFISKH |
||
| 050 | _aPZ7.H638 I | ||
| 082 | _a590 | ||
| 100 | _aHoban, Tana | ||
| 245 |
_aI wonder / _cBy Tana Hoban |
||
| 250 | _aFirst Green Light Readers edition 1999 | ||
| 260 |
_aOrlando : _bHarcourt, Inc , _c1999. |
||
| 300 |
_a24 unnumbered pages : _bcolor illustrations ; _c22 cm . |
||
| 490 |
_aGreen Light Readers _vLevel 2 |
||
| 505 | _aH | ||
| 520 | _aWhile walking through the park, a child sees a wondrous variety of animals. | ||
| 521 | 8 |
_a430
_bLexile estimate |
|
| 521 | 8 |
_aH
_bRaz-Plus |
|
| 650 |
_aAnimals _vFiction |
||
| 942 |
_2ddc _cBK _n0 |
||
| 999 |
_c7597 _d7597 |
||